| 000 | 00491nam a2200169 i 4500 | ||
|---|---|---|---|
| 001 | 89486 | ||
| 003 | ES-MaACL | ||
| 005 | 20230906180203.0 | ||
| 007 | t| | ||
| 008 | 050111s1966 sp ||||1| spa d | ||
| 100 | 1 |
_aLanz, Karl. _970113 |
|
| 245 | 1 | 0 |
_aABC de la Bolsa / _cKarl Lanz ; [traducido... por Luis F. Villanueva]. |
| 260 |
_aMadrid, etc. : _bMediterrĂ¡neo, _c1966. |
||
| 300 |
_a153 p. ; _c19 cm. |
||
| 700 | 1 |
_aVillanueva, Luis F. _9115027 |
|
| 852 |
_aES-MaACL _jC-35893 _bR.69439 |
||
| 999 |
_c89486 _d89486 |
||